000 00886nam a22002537a 4500
003 OSt
005 20230125170009.0
008 160111b xxu||||| |||| 00| 0 eng d
020 _a0 385 3902 3
040 _cLado V
082 _a730.11
_bG798s
100 _aGreenberg, Jan
_9627
_eautor
245 _aThe Sculptor's Eye/
_bLooking at Contemporary American Art/
260 _aNew York
_bDelacorte Press
_c1993
300 _a128p.
_bil. (col.)
_c23x24cm.
500 _aNotas en español, inglés y alemán
600 _aEmde, Thomas, 1959 --
_xExhibiciones
_94352
650 _aESCULTURA
_2Tesauro de Arte & Arquitectura
650 _aARTE
_2Tesauro de Arte & Arquitectura
650 _aANALISIS
_2Tesauro de Arte & Arquitectura
650 _aCRITICA
_2Tesauro de Arte & Arquitectura
700 _aJordan, Sandra
_eautora
942 _2ddc
_c1
_n0
_h730.11
_iG798s
999 _c2896
_d2896